MDQL
is popping MORE tags! Check the
thread
!
Quizzes
Events
Quiz Creation
Community
Videos
Private Events
Remove Ads
Sign In
Join for FREE
Feedback
Dark Mode
Quiz Categories
Sports
Geography
Music
Movies
Television
Just For Fun
Miscellaneous
History
Literature
Language
Science
Gaming
Entertainment
Religion
Holiday
For Kids
Quiz Lab
Recent
Popular Today
Quiz Kudos Today
Editor Picks
Curator Picks
Quizzes by...
Day
Popularity
Type
Ratings
Length
Year
Community
Subscriptions
Recent Discussions
Orange Saloon
Badges
Playlists
Quests
Create
Leaderboards
Showdown
Live 5
Trivia Bingo
Activity
Puzzle Library
Sporcle Events
Private Events
Virtual Trivia
Globe League
Become a Host
Pub Owners
SporcleCon
Opinionation
Our Games
Videos
Blog
Mobile Apps
Partnerships
Remove Ads and Go Orange
Feedback
Sports
Athletes
MLB
NBA
NHL
NFL
Soccer
Sports Teams
WWE
NCAA
Football
Premier League
Basketball
Baseball
Hockey
Golf
Tennis
Cricket
Rugby
Auto Racing
Olympics
World Cup
Sports
Athletes
MLB
NBA
NHL
NFL
Soccer
Sports Teams
WWE
NCAA
Football
Premier League
Basketball
Baseball
Hockey
Golf
Tennis
Cricket
Rugby
Auto Racing
Olympics
World Cup
Random Quiz
Search Sporcle
×
Quiz Lab
Quiz Lab
Sports
Auto Racing
Type in answers that appear in a list
Type in answers that appear in a list
Classic
Best Score? Go Orange.
Second to Rosberg Stats
Can you name the F1 drivers who finished second to Nico Rosberg?
By
Ricciardo
4m
23 Questions
956 Plays
956 Plays
956 Plays
Comments
Comments
Give Quiz Kudos
Give Quiz Kudos
-
- Ratings
hide this ad
Replay
Link that replays current quiz
Next Quiz
Link to next quiz in quiz playlist
You Got
0%
They Got
Avg Score
96%
Avg Friend Score
Upgrade to see
Score Distribution
Jump to the score distribution portion of the page
Score
0/23
Timer
04:00
1
Play Today
Race
Driver
% Correct
2014 Monaco Grand Prix
Lewis Hamilton
99.7%
2014 Brazilian Grand Prix
Lewis Hamilton
99.7%
2015 Spanish Grand Prix
Lewis Hamilton
99.7%
2015 Austrian Grand Prix
Lewis Hamilton
99.7%
2015 Mexican Grand Prix
Lewis Hamilton
99.7%
2015 Abu Dhabi Grand Prix
Lewis Hamilton
99.7%
2016 Australian Grand Prix
Lewis Hamilton
99.7%
2015 Brazilian Grand Prix
Lewis Hamilton
99.7%
2016 Italian Grand Prix
Lewis Hamilton
99.7%
2016 Russian Grand Prix
Lewis Hamilton
99.7%
2014 Austrian Grand Prix
Lewis Hamilton
99.7%
2013 Monaco Grand Prix
Sebastian Vettel
99.3%
Race
Driver
% Correct
2016 European Grand Prix
Sebastian Vettel
99.3%
2015 Monaco Grand Prix
Sebastian Vettel
99.3%
2016 Chinese Grand Prix
Sebastian Vettel
99.3%
2016 Belgian Grand Prix
Daniel Ricciardo
96.7%
2016 Singapore Grand Prix
Daniel Ricciardo
96.7%
2016 Bahrain Grand Prix
Kimi Räikkönen
94.7%
2013 British Grand Prix
Mark Webber
92.8%
2016 Japanese Grand Prix
Max Verstappen
92.3%
2012 Chinese Grand Prix
Jenson Button
90.7%
2014 German Grand Prix
Valtteri Bottas
81.5%
2014 Australian Grand Prix
Kevin Magnussen
71.7%
Quiz Playlist
Details
Report
Send in Message
Add To Playlist
Classic:
Type in answers that appear in a list
Last Updated: Feb 3, 2022
Quiz Scoreboard
CHALLENGE
Sign Up to Join the Scoreboard
Show All
Scores
Hide
Comments
May contain spoilers
Recently Published
Holiday 10x10 Sorting Gallery
by lukepisani3
Holiday
15m
Two Season TV Shows II
by 123Four
Television
10m
Image Sorting: Flags VI
by Barbecue
Geography
2m
More to Explore
Quiz From the Vault
Featured Blog Post
14 Easter Pick-up Lines to Find Eggs With
hide this ad
You Might Also Like...
Tags
Auto Racing Quiz
F1 Calendar
F1 Champions
F1 Drivers
F1 Races
F1 Season
F1 Wins
Formula 1
Today's Top Quizzes in Sports
Browse Sports
hide this ad
Today's Top Quizzes in Auto Racing
Browse Auto Racing
Top Contributed Quizzes in Sports
1
Les meilleurs buteurs des matchs entre le PSG et l’OM
2
Les entraîneurs de l'OM et du PSG au 21e siècle
3
2022 World Cup Stars
4
Les joueurs passés par le PSG et l'OM
5
Players with Multiple 50 Home Run Seasons
6
FIFA Club World Cup Champions
7
Top 10 NHL Goal Scorers of All Time
8
Les joueurs passés par le LOSC et le RC Lens
9
Criteria MLB: Left Handed Sluggers
10
2023 MLB Unique Player Accomplishments
Explore More
Trending Topics
Disney
Kpop
Crossword
Anime
Marvel
NBA
Harry Potter
NFL
WWE
Puzzle
Soccer
Song
Pokémon
The Office
Country
hide this ad
More By:
Ricciardo
Quiz
Plays
Rating
Category
Featured
Created
GCSE AQA Physics (9-1): All 23 Equations
115,204
4.32
Science
Jan 12, 2018
2020 F1 Drivers Logic Puzzle
89,438
3.19
Sports
Feb 7, 2021
F1: Who am I? III
58,459
2.44
Sports
Apr 14, 2018
2017 F1 Drivers Logic Puzzle
52,496
3.94
Sports
Aug 12, 2018
Trigonometric Exact Values
46,427
4.86
Science
Jan 10, 2018
Go to Creator's Profile
Score Distribution
Quiz Creator Spotlight
Ricciardo
Follow
Send a Message
Quizzes Created
-
Created Quiz Play Count
-
More By This Creator
Popular Quizzes Today
1
Find the US States - No Outlines Minefield
2
Colored Red Africa Blitz
3
Find the 'City' Movie
4
The Countries of the World
5
5x2 Blitz: Bands
6
Find the Countries of Europe - No Outlines Minefield
7
Find the US States
8
US States
More Sports Quizzes
Twins/Senators: Top Seasons by Position
Quiz Lab
Trending Quizzes
Colored Red Europe Blitz I
Colored Red Europe Blitz II
Colored Red Africa Blitz II
Even More Two Season TV Shows
Colored Red Africa Blitz III
Recently Updated
Odd Team Out - Big 4 Players
pecheneg
Quick Pick: 20 Twenties
pecheneg
March Madness Men's Triple Doubles
pecheneg
How Do You Spell That?
pecheneg
Godzilla Movies
pecheneg
Grab Bag: 4-10 Letters
pecheneg
2024 March Madness Bracket
pecheneg
Famous TV Couples
Peacemaker
Champions League XIs: Real Madrid
pecheneg
Largest US Cities 1790-2010
pecheneg
Trending Topics
Harry Potter
Crossword
Kpop
Anime
NBA
Marvel
Disney
Song
Pokémon
Country
NFL
The Office
WWE
Soccer
Puzzle
Your Account Isn't Verified!
In order to create a playlist on Sporcle, you need to verify the email address you used during registration. Go to your
Sporcle Settings
to finish the process.
Report this User
Report this user for behavior that violates our
Community Guidelines
.
Details:
Send Report
Go to the Sporcle.com Mobile Site →
Comments